Ładuje się......

Toxicology

Opis bibliograficzny
1. autor: Micael A Karmin
Format: Printed Book
Język:Undetermined
Wydane: Chelsea 1988
Lewis Publishers
Hasła przedmiotowe:
LEADER 00613nam a2200217Ia 4500
008 141122s9999 xx 000 0 und d
040 |c . 
041 |a English 
082 |a 615.9 
082 |b KAM / TO 
100 |a Micael A Karmin  
245 |a Toxicology 
245 |c Micael A Karmin  
260 |b Chelsea 
260 |b Lewis Publishers 
260 |c 1988 
300 |a 145 Pages 
650 |a Pharmacology and Toxicology 
942 |c BK 
999 |c 21079  |d 21079 
952 |0 0  |1 0  |4 0  |6 615_900000000000000_KAM_TO  |7 0  |9 20747  |a COVAS  |b COVAS  |d 0000-00-00  |l 1  |o 615.9 KAM / TO  |p 14683  |r 2015-09-26  |s 2015-09-14  |w 2014-11-26  |y BK